| 000 | 00585nam a2200193 4500 | ||
|---|---|---|---|
| 005 | 20241024112949.0 | ||
| 010 | _aENG-142386 | ||
| 020 |
_c820.00 _a9788194820444 |
||
| 035 | _aEN-125920 | ||
| 037 | _bDBAD | ||
| 082 | _a330.960 | ||
| 100 |
_aGachuhi, Lucy _973339 |
||
| 245 |
_aSme's Agribusiness Challanges and solutions in Africa/ _bLucy Gachuhi |
||
| 250 | _aFirst | ||
| 260 |
_bExceller Books _aKolkata _c2020 |
||
| 270 |
_aG1, Dream Apartment, Degree College Road _bBelgharia _e700056 |
||
| 300 |
_a190p. _c21cm(pb) |
||
| 942 |
_2ddc _cEN _h330.960 _mGAC _e2020 |
||
| 999 |
_c206677 _d206677 |
||